| 000 | 00444nam a22001577a 4500 | ||
|---|---|---|---|
| 008 | 230531b |||||||| |||| 00| 0 eng d | ||
| 040 |
_aNational Science Library _cNational Science Library |
||
| 080 |
_a615.779 _bL7 |
||
| 245 | _aTopics in antibiotic chemistry | ||
| 260 |
_aLondon: _bEllis Horwood Limited, _c1977 |
||
| 300 | _a217p. | ||
| 650 | _aChemistry | ||
| 653 | _aAntibiotic | ||
| 700 | _aSammes, P G (Ed.) | ||
| 942 |
_2udc _cBK |
||
| 999 |
_c36970 _d36970 |
||